000 00360nam a2200133Ia 4500
008 100328s9999 xx 000 0 und d
082 _b21461
100 _aवरेरकर भार्गवराम विठ्ठल
245 _aचिमणी
260 _bवसंत
630 _aचिमणी
730 _aचिमणी
942 _cBOOK
999 _c515484
_d515481